Statistics for Oldest Colleges in the United States

Click here to take the quiz!

General Stats

  • This quiz has been taken 42 times
  • The average score is 10 of 25

Answer Stats

Year EstablishedAnswer% Correct
1636Harvard University
100%
1701Yale University
97%
1754Columbia University
87%
1764Brown University
82%
1746Princeton University
82%
1693College of William and Mary
74%
1740University of Pennsylvania
72%
1769Dartmouth University
64%
1789Georgetown University
51%
1789University of North Carolina at Chapel Hill
46%
1766Rutgers University
33%
1785University of Georgia
33%
1723Washington College
31%
1743University of Delaware
28%
1696St. John's College
23%
1749Washington and Lee University
23%
1770College of Charleston
18%
1787University of Pittsburgh
18%
1773Dickinson College
8%
1787Franklin and Marshall College
8%
1742Moravian College and Moravian Theological Seminary
8%
1772Salem College
8%
1775Hampden-Sydney College
5%
1780Transylvania University
3%
1781Washington and Jefferson College
3%

Score Distribution

Percentile by Number Answered

Percent of People with Each Score

Your Score History

You have not taken this quiz